[Event "Santiago de Compostela Bicapawn GP B1"]
[Site "Santiago de Compostela"]
[Date "2022.10.19"]
[Round "8"]
[White "Rodriguez Redondo, Adhara"]
[Black "Torrado Quintela, Julio"]
[Result "0-1"]
[WhiteElo "2048"]
[BlackElo "2178"]
[PlyCount "130"]
[EventDate "2022.10.19"]
[EventType "swiss (blitz)"]
[EventRounds "9"]
[EventCountry "ESP"]
[SourceTitle "EXT 2024"]
[Source "ChessBase"]
[SourceDate "2023.10.10"]
[SourceVersion "1"]
[SourceVersionDate "2023.10.10"]
[SourceQuality "1"]

1. e4 c5 2. Nf3 d6 3. d4 cxd4 4. Nxd4 Nf6 5. Nc3 a6 6. Be2 e6 7. Be3 Be7 8. g4 Nc6 9. g5 Nd7 10. h4 Qc7 11. Qd2 b5 12. a3 Bb7 13. Rg1 Rc8 14. h5 g6 15. f4 Nc5 16. Bf3 Nxd4 17. Qxd4 e5 18. Qd2 Na4 19. Nxa4 bxa4 20. c3 Qc4 21. Qg2 Qd3 22. Bd2 Qc2 23. Be3 Qb3 24. Qd2 a5 25. Rd1 Qc4 26. Qd3 0-0 27. Qxc4 Rxc4 28. fxe5 Bxe4 29. Bxe4 Rxe4 30. Kf2 Rxe5 31. Bf4 Rf5 32. Ke3 d5 33. Rgf1 Bxg5 34. Bxg5 Rxg5 35. hxg6 fxg6 36. Rh1 h5 37. Kd4 Rf4+ 38. Kc5 d4+ 39. Kc6 Rf6+ 40. Kd7 dxc3 41. bxc3 Rc5 42. Ke7 Kg7 43. Rd7 Rf7+ 44. Ke6 Rxd7 45. Kxd7 Rxc3 46. Ra1 h4 47. Kd6 h3 48. Ke5 h2 49. Rh1 Rxa3 50. Rxh2 Rf3 51. Ra2 a3 52. Ke4 Rb3 53. Kd4 a4 54. Kc4 Kf6 55. Kd4 g5 56. Ke4 Ke6 57. Kd4 Kf5 58. Rf2+ Kg4 59. Rg2+ Kf4 60. Rf2+ Rf3 61. Ra2 g4 62. Kc4 g3 63. Kb4 Kg4 64. Kxa4 Kh3 65. Kb4 g2 0-1

[Event "ESP-ch rapid"]
[Site "Linares"]
[Date "2019.08.24"]
[Round "5"]
[White "Fernandez Aguilar, Francisco"]
[Black "Torrado Quintela, Julio"]
[Result "1/2-1/2"]
[WhiteElo "2064"]
[BlackElo "2169"]
[PlyCount "157"]
[EventDate "2019.08.24"]
[EventType "swiss (rapid)"]
[EventRounds "9"]
[EventCountry "ESP"]
[SourceTitle "EXT 2020"]
[Source "ChessBase"]
[SourceDate "2019.10.17"]
[SourceVersion "1"]
[SourceVersionDate "2019.10.17"]
[SourceQuality "1"]

1. Nf3 Nf6 2. g3 d5 3. Bg2 c6 4. 0-0 Bf5 5. c4 e6 6. cxd5 exd5 7. d3 Nbd7 8. Nc3 Be7 9. e4 Bg4 10. exd5 cxd5 11. d4 0-0 12. Qb3 Nb6 13. Ne5 Be6 14. a4 a5 15. Re1 Bb4 16. Nd3 Bxc3 17. Qxc3 Ne4 18. Qb3 Nc4 19. Nf4 Qf6 20. Be3 g5 21. Nxe6 Nxe3 22. Qxe3 fxe6 23. Bxe4 dxe4 24. Re2 Rad8 25. Rd2 Rd5 26. Qxe4 Rf5 27. Rf1 Rf7 28. Re2 Kg7 29. Qxe6 Qxd4 30. Qe4 Qc5 31. Rd2 h6 32. Qd4+ Qxd4 33. Rxd4 Rc5 34. Rfd1 Rc2 35. R1d2 Rc1+ 36. Kg2 Rc6 37. Rd7 b6 38. R2d6 Rxd6 39. Rxd6 Rb7 40. Kf3 b5 41. Rd4 bxa4 42. Rxa4 Rxb2 43. Rxa5 Rb4 44. h3 Kg6 45. Re5 Ra4 46. Re4 Ra3+ 47. Kg2 Rb3 48. g4 Ra3 49. Re6+ Kg7 50. Re3 Ra4 51. Kg3 Rb4 52. f3 Ra4 53. Re4 Ra2 54. f4 Ra3+ 55. Kg2 gxf4 56. Rxf4 Kg6 57. Rf3 Ra2+ 58. Kg3 Ra4 59. h4 Rb4 60. Rc3 Ra4 61. Rc6+ Kg7 62. h5 Rb4 63. Rg6+ Kh7 64. Re6 Kg7 65. Kf3 Ra4 66. Re4 Ra3+ 67. Kf4 Ra1 68. Kf5 Rf1+ 69. Rf4 Re1 70. Re4 Rf1+ 71. Ke6 Rf6+ 72. Ke7 Rf1 73. Ke8 Rf8+ 74. Kd7 Rf1 75. Re7+ Kg8 76. Ke6 Rf4 77. Re8+ Kg7 78. Re7+ Kg8 79. Re8+ 1/2-1/2

[Event "ESP-ch rapid"]
[Site "Linares"]
[Date "2019.08.24"]
[Round "7"]
[White "Ljubojevic, Ljubomir"]
[Black "Torrado Quintela, Julio"]
[Result "1-0"]
[WhiteElo "2571"]
[BlackElo "2169"]
[PlyCount "45"]
[EventDate "2019.08.24"]
[EventType "swiss (rapid)"]
[EventRounds "9"]
[EventCountry "ESP"]
[SourceTitle "EXT 2020"]
[Source "ChessBase"]
[SourceDate "2019.10.17"]
[SourceVersion "1"]
[SourceVersionDate "2019.10.17"]
[SourceQuality "1"]

1. c4 e5 2. Nc3 Nc6 3. g3 f5 4. Bg2 Nf6 5. d3 Bc5 6. a3 a5 7. e3 0-0 8. Nge2 d6 9. 0-0 Qe8 10. Nd5 Qf7 11. Rb1 a4 12. Nec3 f4 13. exf4 Bg4 14. Nxf6+ Qxf6 15. Qxg4 Nd4 16. Ne4 Qe7 17. Nxc5 dxc5 18. fxe5 h5 19. Qe4 Rf5 20. f4 Raf8 21. Bd2 g5 22. fxg5 Rxe5 23. Qg6+ 1-0

[Event "ESP-ch rapid"]
[Site "Linares"]
[Date "2019.08.24"]
[Round "2"]
[White "Torrado Quintela, Julio"]
[Black "Moreno Royano, Victor"]
[Result "1/2-1/2"]
[WhiteElo "2169"]
[BlackElo "2151"]
[PlyCount "84"]
[EventDate "2019.08.24"]
[EventType "swiss (rapid)"]
[EventRounds "9"]
[EventCountry "ESP"]
[SourceTitle "EXT 2020"]
[Source "ChessBase"]
[SourceDate "2019.10.17"]
[SourceVersion "1"]
[SourceVersionDate "2019.10.17"]
[SourceQuality "1"]

1. e4 e6 2. d4 d5 3. Bd3 dxe4 4. Bxe4 Nf6 5. Bf3 g6 6. Ne2 Bg7 7. 0-0 0-0 8. Bf4 Nbd7 9. Nbc3 c6 10. Re1 Re8 11. h3 e5 12. dxe5 Nxe5 13. Bxe5 Qxd1 14. Raxd1 Rxe5 15. Rd8+ Re8 16. Rxe8+ Nxe8 17. g4 Nc7 18. Na4 Rb8 19. b3 Ne6 20. Rd1 Kf8 21. Nac3 Nf4 22. Nxf4 Bxc3 23. Nd3 Bd4 24. a4 Ke7 25. Nf4 Be5 26. Re1 Kf6 27. Nd3 Bd6 28. Re8 Be6 29. Rxb8 Bxb8 30. Nc5 Bc8 31. Kf1 Ke5 32. c3 Bd6 33. Nd3+ Kf6 34. Ke2 Kg5 35. Bg2 h5 36. gxh5 gxh5 37. Ne1 Be6 38. c4 Bf5 39. Bf1 Bb1 40. Nd3 Ba3 41. Kd2 Bxd3 42. Kxd3 Kf4 1/2-1/2

[Event "Pontevedra op 7th"]
[Site "Pontevedra"]
[Date "2019.08.14"]
[Round "9"]
[White "Bringas Gomez, Artai"]
[Black "Torrado Quintela, Julio"]
[Result "1/2-1/2"]
[WhiteElo "2066"]
[BlackElo "2169"]
[PlyCount "60"]
[EventDate "2019.08.08"]
[EventType "swiss"]
[EventRounds "9"]
[EventCountry "ESP"]
[SourceTitle "EXT 2020"]
[Source "ChessBase"]
[SourceDate "2019.10.17"]
[SourceVersion "1"]
[SourceVersionDate "2019.10.17"]
[SourceQuality "1"]

1. e4 c5 2. Ne2 d6 3. g3 Nc6 4. Bg2 g6 5. d4 cxd4 6. Nxd4 Bg7 7. Ne2 Nf6 8. Nbc3 h5 9. h3 Bd7 10. 0-0 Qc8 11. Kh2 h4 12. g4 Ne5 13. f4 Nexg4+ 14. hxg4 Nxg4+ 15. Kh1 Qc5 16. Qe1 f5 17. a4 fxe4 18. Nxe4 Qxc2 19. Nxd6+ Kf8 20. Ne4 Bc6 21. Ng5 Bxg2+ 22. Kxg2 Qc6+ 23. Nf3 g5 24. fxg5 Kg8 25. Nc3 Rf8 26. Qe4 h3+ 27. Kh1 Ne5 28. Qxc6 bxc6 29. Nh2 Nd3 30. Rxf8+ Kxf8 1/2-1/2

[Event "Pontevedra op 7th"]
[Site "Pontevedra"]
[Date "2019.08.12"]
[Round "7"]
[White "Garrido Piriz, Pablo"]
[Black "Torrado Quintela, Julio"]
[Result "1-0"]
[WhiteElo "2071"]
[BlackElo "2169"]
[PlyCount "113"]
[EventDate "2019.08.08"]
[EventType "swiss"]
[EventRounds "9"]
[EventCountry "ESP"]
[SourceTitle "EXT 2020"]
[Source "ChessBase"]
[SourceDate "2019.10.17"]
[SourceVersion "1"]
[SourceVersionDate "2019.10.17"]
[SourceQuality "1"]

1. e4 g6 2. d4 Bg7 3. Nc3 d6 4. f4 a6 5. Nf3 b5 6. Bd3 Bb7 7. a4 b4 8. Ne2 Nd7 9. 0-0 c5 10. c3 e6 11. f5 exf5 12. exf5 Ngf6 13. Bg5 0-0 14. Qd2 cxd4 15. cxb4 Bxf3 16. Rxf3 Ne5 17. Rh3 Nxd3 18. Qxd3 Qb6 19. Qxd4 Rab8 20. Qxb6 Rxb6 21. Rb3 Rfb8 22. b5 axb5 23. a5 Ra6 24. Nc3 b4 25. Kf1 h6 26. Bxf6 Bxf6 27. Nd5 Bd8 28. Rxb4 Rxb4 29. Nxb4 Rxa5 30. Rxa5 Bxa5 31. Nd5 Kf8 32. b4 Bd8 33. b5 Ke8 34. g4 Kd7 35. Ke2 Bg5 36. Kd3 Bh4 37. Ke4 Bf2 38. Nc3 Bg1 39. h3 Ke7 40. fxg6 fxg6 41. Kd5 h5 42. Ne4 hxg4 43. hxg4 Kd7 44. Nxd6 Kc7 45. Nc4 Bh2 46. b6+ Kb7 47. Kc5 Bg1+ 48. Kb5 g5 49. Nd6+ Kb8 50. Kc6 Bh2 51. Ne8 Bg3 52. Nc7 Bh2 53. Na6+ Ka8 54. b7+ Ka7 55. b8Q+ Bxb8 56. Nxb8 Kxb8 57. Kd6 1-0

[Event "Pontevedra op 7th"]
[Site "Pontevedra"]
[Date "2019.08.09"]
[Round "2"]
[White "Torrado Quintela, Julio"]
[Black "Santanna, Paulo"]
[Result "1/2-1/2"]
[WhiteElo "2169"]
[BlackElo "1895"]
[PlyCount "100"]
[EventDate "2019.08.08"]
[EventType "swiss"]
[EventRounds "9"]
[EventCountry "ESP"]
[SourceTitle "EXT 2020"]
[Source "ChessBase"]
[SourceDate "2019.10.17"]
[SourceVersion "1"]
[SourceVersionDate "2019.10.17"]
[SourceQuality "1"]

1. e4 c5 2. Nf3 g6 3. Nc3 Nc6 4. d4 cxd4 5. Nxd4 Bg7 6. Be3 Nf6 7. Nb3 0-0 8. Be2 d6 9. 0-0 Be6 10. f4 Qc8 11. Kh1 Rd8 12. Qe1 d5 13. e5 d4 14. exf6 Bxf6 15. Bd2 dxc3 16. Bxc3 Nd4 17. Nxd4 Bxd4 18. Bxd4 Rxd4 19. Bd3 Bf5 20. Bxf5 Qxf5 21. Qxe7 Rd7 22. Qe2 Rad8 23. Rf2 Rd4 24. Raf1 b6 25. h3 h5 26. b3 Re4 27. Qf3 Rde8 28. Qd3 R8e7 29. a4 Rd7 30. Qb5 Qxb5 31. axb5 Rb4 32. c4 Rxb3 33. f5 Rc3 34. fxg6 fxg6 35. Rf6 Kg7 36. Rc6 Rg3 37. Rf3 Rg5 38. Kh2 Kh6 39. Rg3 h4 40. Rxg5 Kxg5 41. Kg1 Rd2 42. Rc7 Ra2 43. Rd7 Kf5 44. Rd5+ Ke6 45. Rg5 Kf6 46. Rd5 g5 47. Rd7 Kf5 48. Re7 Kf4 49. Kh2 Ra4 50. Rc7 Ra2 1/2-1/2

[Event "Sanxenxo Carlos op 10th"]
[Site "Sanxenxo"]
[Date "2018.06.22"]
[Round "7"]
[White "Torrado Quintela, Julio"]
[Black "Del Rio de Angelis, Salvador Gabriel"]
[Result "0-1"]
[WhiteElo "2193"]
[BlackElo "2524"]
[PlyCount "88"]
[EventDate "2018.06.16"]
[EventType "swiss"]
[EventRounds "9"]
[EventCountry "ESP"]
[SourceTitle "CBM 185 Extra"]
[Source "ChessBase"]
[SourceDate "2018.07.29"]
[SourceVersion "1"]
[SourceVersionDate "2018.07.29"]
[SourceQuality "1"]

1. d4 d6 2. e4 Nf6 3. Nc3 g6 4. Bg5 Bg7 5. Qd2 c6 6. f3 b5 7. h4 Nbd7 8. Nge2 b4 9. Nd1 a5 10. Ng3 h5 11. Ne3 Nh7 12. Nef5 gxf5 13. Nxh5 Bf6 14. exf5 Rg8 15. Nxf6+ Ndxf6 16. g4 Nd5 17. Bc4 Ba6 18. Bxa6 Rxa6 19. Qd3 Qb6 20. Bd2 Qb5 21. Qxb5 cxb5 22. g5 Rc6 23. 0-0-0 Rc4 24. h5 Rxd4 25. g6 Nf8 26. Bg5 Nf4 27. Rde1 e5 28. Rh2 fxg6 29. fxg6 N8xg6 30. hxg6 Rxg6 31. Rh8+ Kd7 32. Bxf4 Rxf4 33. Ra8 a4 34. Re3 Rgf6 35. Ra7+ Kc6 36. Rd3 Rxf3 37. Ra6+ Kc5 38. Raxd6 Rf1+ 39. Rd1 Rxd1+ 40. Rxd1 e4 41. Rd8 Rf5 42. Rd7 e3 43. c3 Rf1+ 44. Kc2 e2 0-1

[Event "Sanxenxo Carlos op 10th"]
[Site "Sanxenxo"]
[Date "2018.06.21"]
[Round "6"]
[White "Lopez Pereyra, Antonio"]
[Black "Torrado Quintela, Julio"]
[Result "0-1"]
[WhiteElo "2078"]
[BlackElo "2193"]
[PlyCount "76"]
[EventDate "2018.06.16"]
[EventType "swiss"]
[EventRounds "9"]
[EventCountry "ESP"]
[SourceTitle "CBM 185 Extra"]
[Source "ChessBase"]
[SourceDate "2018.07.29"]
[SourceVersion "1"]
[SourceVersionDate "2018.07.29"]
[SourceQuality "1"]

1. e4 c5 2. Nf3 e6 3. d4 cxd4 4. Nxd4 a6 5. Nc3 Qc7 6. Be2 Nf6 7. 0-0 Be7 8. Kh1 0-0 9. f4 d6 10. Qe1 b5 11. a3 Bb7 12. Bd3 Nbd7 13. Qg3 Rfe8 14. Bd2 Nc5 15. Rae1 Nxd3 16. cxd3 Qc5 17. Nb3 Qh5 18. f5 Qg4 19. Qe3 Rac8 20. Rf4 Qh5 21. Qg3 Nd7 22. fxe6 fxe6 23. Rg4 Bf6 24. d4 Kh8 25. h3 Rcd8 26. Ne2 e5 27. d5 Rg8 28. Bb4 Nf8 29. Qe3 Bc8 30. Ng3 Qf7 31. Na5 Bxg4 32. hxg4 Bh4 33. Rf1 Qg6 34. Nf5 Qxg4 35. Nxd6 Rxd6 36. Bxd6 Bg3 37. Rxf8 Qd1+ 38. Qg1 Qh5+ 0-1

[Event "ESP-ch rapid"]
[Site "Linares"]
[Date "2017.08.13"]
[Round "2"]
[White "Iturrizaga Bonelli, Eduardo"]
[Black "Torrado Quintela, Julio"]
[Result "1-0"]
[WhiteElo "2662"]
[BlackElo "2201"]
[PlyCount "92"]
[EventDate "2017.08.13"]
[EventType "swiss (rapid)"]
[EventRounds "9"]
[EventCountry "ESP"]
[SourceTitle "CBM 179 Extra"]
[Source "ChessBase"]
[SourceDate "2017.08.23"]
[SourceVersion "1"]
[SourceVersionDate "2017.08.23"]
[SourceQuality "1"]

1. Nf3 Nf6 2. c4 e6 3. g3 d5 4. Bg2 c6 5. b3 Nbd7 6. Bb2 Bd6 7. d4 0-0 8. 0-0 Re8 9. Nc3 Qe7 10. Qc2 dxc4 11. bxc4 e5 12. e3 c5 13. Rfe1 Rb8 14. Nb5 e4 15. Nd2 a6 16. Nxd6 Qxd6 17. Nxe4 Nxe4 18. Bxe4 Nf6 19. Bg2 Ng4 20. h3 Nh6 21. Rad1 Bf5 22. Qc3 Qg6 23. dxc5 Be4 24. f3 Bc6 25. g4 f6 26. e4 Qg5 27. Bc1 Qxc5+ 28. Be3 Qe7 29. Bxh6 gxh6 30. c5 Rbd8 31. f4 Rxd1 32. Rxd1 Rd8 33. Rxd8+ Qxd8 34. Bf3 Kg7 35. Kf2 Qd7 36. Kg3 Qe6 37. Qc2 Qd7 38. Qc3 Qe6 39. a3 Qa2 40. g5 hxg5 41. fxg5 Qb1 42. gxf6+ Kf8 43. Qe3 Kf7 44. Bh5+ Ke6 45. e5 Be4 46. Bg4+ Kxe5 1-0

[Event "ESP-chT CECLUB Div2"]
[Site "Linares"]
[Date "2017.08.12"]
[Round "7.4"]
[White "Torrado Quintela, Julio"]
[Black "Arias Torio, Sergio"]
[Result "1-0"]
[WhiteElo "2201"]
[BlackElo "2109"]
[PlyCount "39"]
[EventDate "2017.08.08"]
[EventType "team"]
[EventRounds "7"]
[EventCountry "ESP"]
[SourceTitle "CBM 179 Extra"]
[Source "ChessBase"]
[SourceDate "2017.08.23"]
[SourceVersion "1"]
[SourceVersionDate "2017.08.23"]
[SourceQuality "1"]
[WhiteTeam "Sanxenxo Fontecarmoa"]
[BlackTeam "Gijon Antonio Rico"]
[WhiteTeamCountry "ESP"]
[BlackTeamCountry "ESP"]

1. e4 g6 2. d4 Bg7 3. Nc3 d6 4. Bg5 h6 5. Bf4 a6 6. Qd2 Nd7 7. f3 b6 8. Bc4 e6 9. Nge2 Ne7 10. Bb3 Bb7 11. h4 Qb8 12. h5 g5 13. Bh2 e5 14. 0-0-0 Nf6 15. dxe5 dxe5 16. Bxe5 Nxh5 17. Qd7+ Kf8 18. Bxc7 Nf6 19. Qd6 Qc8 20. Bd8 1-0

[Event "ESP-chT CECLUB Div2"]
[Site "Linares"]
[Date "2014.08.20"]
[Round "4.2"]
[White "Torrado Quintela, Julio"]
[Black "Gutierrez Valero, Mario"]
[Result "1/2-1/2"]
[WhiteElo "2247"]
[BlackElo "2198"]
[PlyCount "117"]
[EventDate "2014.08.18"]
[EventType "team-swiss"]
[EventRounds "6"]
[EventCountry "ESP"]
[SourceTitle "CBM 162 Extra"]
[Source "ChessBase"]
[SourceDate "2014.10.17"]
[SourceVersion "1"]
[SourceVersionDate "2014.10.17"]
[SourceQuality "1"]
[WhiteTeam "Fontecarmoa CC"]
[BlackTeam "Espartinas Alekhine"]
[WhiteTeamCountry "ESP"]
[BlackTeamCountry "ESP"]

1. e4 c5 2. Nf3 Nc6 3. Nc3 e5 4. Bc4 Be7 5. d3 Nf6 6. Ng5 0-0 7. f4 d5 8. Nxd5 Nxd5 9. exd5 Nd4 10. c3 exf4 11. cxd4 Bxg5 12. 0-0 b5 13. Bb3 cxd4 14. Bxf4 Bb7 15. Qh5 Bxf4 16. Rxf4 Qd6 17. Raf1 g6 18. Qh6 Qe5 19. Re4 Qg7 20. Qg5 Rad8 21. Re7 h6 22. Qh4 Bxd5 23. Rexf7 Bxf7 24. Rxf7 Qxf7 25. Bxf7+ Kxf7 26. Qxh6 a6 27. Qh7+ Kf6 28. Qh4+ Kf7 29. Qe4 Rd6 30. Qf4+ Ke7 31. Qe5+ Re6 32. Qc7+ Ke8 33. h4 Rf7 34. Qb8+ Ke7 35. Qa7+ Ke8 36. Qxd4 Rd7 37. Qh8+ Ke7 38. d4 Red6 39. Qg8 Kf6 40. Qf8+ Ke6 41. Qa8 Kf7 42. Qf3+ Kg7 43. Qa8 Kf7 44. a3 Kg7 45. b3 Kf7 46. Kf2 Rc7 47. Qe4 Rcd7 48. h5 Rf6+ 49. Kg1 gxh5 50. Qh7+ Ke6 51. Qe4+ Kf7 52. d5 Kg7 53. Qe5 h4 54. Qg5+ Kf7 55. Qh5+ Ke7 56. Qe5+ Kf7 57. Qh5+ Ke7 58. Qe5+ Kf7 59. Qh5+ 1/2-1/2

[Event "Pontevedra op 2nd"]
[Site "Pontevedra"]
[Date "2014.08.10"]
[Round "5"]
[White "Lopez Rivera, Jesus"]
[Black "Torrado Quintela, Julio"]
[Result "0-1"]
[WhiteElo "1986"]
[BlackElo "2247"]
[PlyCount "47"]
[EventDate "2014.08.07"]
[EventType "swiss"]
[EventRounds "9"]
[EventCountry "ESP"]
[SourceTitle "CBM 162 Extra"]
[Source "ChessBase"]
[SourceDate "2014.10.17"]
[SourceVersion "1"]
[SourceVersionDate "2014.10.17"]
[SourceQuality "1"]

1. e4 c5 2. Nf3 d6 3. d4 cxd4 4. Nxd4 Nf6 5. Nc3 a6 6. Qf3 g6 7. h3 Bg7 8. Be3 0-0 9. g4 Nc6 10. 0-0-0 Nxd4 11. Bxd4 Qa5 12. Kb1 e5 13. Be3 Be6 14. Bg5 Rac8 15. Bxf6 Rxc3 16. bxc3 Qa3 17. Rd5 Rc8 18. Bxg7 Rxc3 19. Qf6 Bxd5 20. exd5 Qb4+ 21. Kc1 Qe4 22. Bd3 Qxd3 23. Kb1 Qxc2+ 24. Ka1 0-1

[Event "Sanxenxo Carlos op 6th"]
[Site "Sanxenxo"]
[Date "2014.06.28"]
[Round "8"]
[White "Yebra Pimentel Brea, Carlos"]
[Black "Torrado Quintela, Julio"]
[Result "0-1"]
[WhiteElo "1795"]
[BlackElo "2237"]
[PlyCount "86"]
[EventDate "2014.06.21"]
[EventType "swiss"]
[EventRounds "9"]
[EventCountry "ESP"]
[SourceTitle "CBM 161 Extra"]
[Source "ChessBase"]
[SourceDate "2014.08.29"]
[SourceVersion "1"]
[SourceVersionDate "2014.08.29"]
[SourceQuality "1"]

1. e4 g6 2. d4 Bg7 3. Nc3 d6 4. Be3 Nd7 5. Nf3 e5 6. Bc4 Ngf6 7. h3 0-0 8. 0-0 Qe7 9. Re1 c6 10. Bb3 exd4 11. Bxd4 Ne5 12. Qe2 Nh5 13. Rad1 Nf4 14. Qe3 Qf6 15. Nxe5 dxe5 16. Bc5 Re8 17. Ne2 b6 18. Bd6 Ne6 19. Bc4 Bb7 20. Qa3 c5 21. Bd5 Bxd5 22. Rxd5 Nd4 23. Nxd4 exd4 24. Qg3 Rad8 25. f4 Qe6 26. f5 gxf5 27. Re5 Qg6 28. Rxf5 Qxd6 29. e5 Qh6 30. Rf6 Qd2 31. Re4 Re7 32. Kh2 Kh8 33. Qh4 Rg8 34. Rg4 Qe3 35. Re4 Qd2 36. Rg4 Ree8 37. Rf5 Re6 38. Rfg5 Rg6 39. Rh5 h6 40. Rf5 Qe3 41. Qh5 Rxg4 42. hxg4 Rf8 43. e6 Qxe6 0-1

[Event "Cambados op 24th"]
[Site "Cambados"]
[Date "2008.08.09"]
[Round "9"]
[White "Berbatov, Kiprian"]
[Black "Torrado Quintela, Julio"]
[Result "1-0"]
[WhiteElo "2250"]
[BlackElo "2245"]
[PlyCount "53"]
[EventDate "2008.08.01"]
[EventType "swiss"]
[EventRounds "9"]
[EventCountry "ESP"]
[SourceTitle "CBM 125 Extra"]
[Source "ChessBase"]
[SourceDate "2008.09.01"]
[SourceVersion "1"]
[SourceVersionDate "2008.09.01"]
[SourceQuality "1"]

1. e4 c5 2. Nf3 d6 3. d4 cxd4 4. Nxd4 Nf6 5. Nc3 a6 6. Bc4 e6 7. Bb3 b5 8. Bg5 Be7 9. Qf3 Qc7 10. e5 Bb7 11. exd6 Bxd6 12. Qe3 Nc6 13. Nf5 0-0-0 14. Nxd6+ Qxd6 15. 0-0 Nd4 16. Rfd1 Qc6 17. Qh3 b4 18. Na4 Ne2+ 19. Kh1 Rxd1+ 20. Rxd1 Nh5 21. f3 Nhf4 22. Bxf4 Nxf4 23. Qg4 g5 24. Rd4 Kb8 25. Qxg5 Ne2 26. Qe5+ Ka7 27. Qxe2 1-0

[Event "Cambados op 24th"]
[Site "Cambados"]
[Date "2008.08.07"]
[Round "7"]
[White "Rodriguez Gonzalez, Alex"]
[Black "Torrado Quintela, Julio"]
[Result "0-1"]
[WhiteElo "2022"]
[BlackElo "2245"]
[PlyCount "204"]
[EventDate "2008.08.01"]
[EventType "swiss"]
[EventRounds "9"]
[EventCountry "ESP"]
[SourceTitle "CBM 125 Extra"]
[Source "ChessBase"]
[SourceDate "2008.09.01"]
[SourceVersion "1"]
[SourceVersionDate "2008.09.01"]
[SourceQuality "1"]

1. e4 c5 2. Nc3 Nc6 3. f4 g6 4. Nf3 Bg7 5. Bb5 Nd4 6. 0-0 Nxb5 7. Nxb5 d5 8. exd5 a6 9. Nc3 Nf6 10. d4 Nxd5 11. dxc5 Nxc3 12. Qxd8+ Kxd8 13. bxc3 Bxc3 14. Rb1 Kc7 15. Rb3 Bg7 16. Bd2 a5 17. Rfb1 a4 18. Rb5 Ra6 19. Ba5+ Kc6 20. Ne5+ Bxe5 21. fxe5 Be6 22. a3 Bc4 23. Rb6+ Kxc5 24. Rxa6 Bxa6 25. Bb4+ Kd5 26. Bxe7 Kxe5 27. Bb4 Rc8 28. c3 Bc4 29. Kf2 Rd8 30. Re1+ Kf5 31. h4 Rd2+ 32. Kg3 h5 33. Bc5 Bd5 34. Rf1+ Ke6 35. Re1+ Kf5 36. Rf1+ Ke6 37. Re1+ Kd7 38. Kf4 Rxg2 39. Ke5 Kc6 40. Be7 Rg3 41. Kd4 Rg4+ 42. Ke5 Rg3 43. Kd4 Be6 44. Re5 Rg4+ 45. Re4 Rg1 46. Ke5 b5 47. Rf4 Bc4 48. Rd4 Re1+ 49. Re4 Rf1 50. Rf4 Re1+ 51. Re4 Rh1 52. Rd4 Bd5 53. Kf6 Rf1+ 54. Kg7 Rf5 55. Rd1 Kd7 56. Re1 Be6 57. Bf6 Rf2 58. Rd1+ Kc6 59. Be7 Rh2 60. Rd3 Bc4 61. Rd4 Rh3 62. Bb4 Rg3 63. Kf6 Rf3+ 64. Kg5 Bd5 65. Rf4 Rg3+ 66. Kf6 Rg4 67. Ke5 Rg1 68. Kf6 Be6 69. Be7 Rd1 70. Rd4 Rf1+ 71. Kg5 Rf5+ 72. Kh6 Rf3 73. Bb4 Bd5 74. Kg5 Rf5+ 75. Kh6 Rf1 76. Kg5 Rg1+ 77. Kf6 Rg4 78. Ke5 Rg1 79. Kf6 Rf1+ 80. Kg5 Rf5+ 81. Kh6 Kd7 82. Rd1 Ke6 83. Re1+ Re5 84. Rf1 Re4 85. Kg7 Rxh4 86. Rf6+ Ke5 87. Rb6 Bc4 88. Kh6 Rg4 89. Rb8 h4 90. Rd8 h3 91. Kg7 Rg2 92. Rh8 Be6 93. Ba5 g5 94. Rh5 Ke4 95. Kf6 g4 96. Re5+ Kd3 97. Rxb5 h2 98. Rh5 g3 99. Bc7 Rg1 100. Bxg3 Rxg3 101. Rxh2 Kxc3 102. Rh4 Kb3 0-1

[Event "Cambados op 24th"]
[Site "Cambados"]
[Date "2008.08.05"]
[Round "5"]
[White "Salgado Gonzalez, Julio"]
[Black "Torrado Quintela, Julio"]
[Result "0-1"]
[WhiteElo "1916"]
[BlackElo "2245"]
[PlyCount "84"]
[EventDate "2008.08.01"]
[EventType "swiss"]
[EventRounds "9"]
[EventCountry "ESP"]
[SourceTitle "CBM 125 Extra"]
[Source "ChessBase"]
[SourceDate "2008.09.01"]
[SourceVersion "1"]
[SourceVersionDate "2008.09.01"]
[SourceQuality "1"]

1. d4 Nf6 2. Bf4 e6 3. e3 c5 4. Bd3 Qb6 5. Nc3 cxd4 6. Nb5 Nd5 7. Bxb8 Rxb8 8. Nxd4 Qxb2 9. Nb3 Bb4+ 10. Kf1 Qf6 11. Nf3 0-0 12. c4 Ne7 13. a3 Bc3 14. Rb1 d5 15. Qc2 dxc4 16. Bxc4 Nd5 17. Ke2 b5 18. Bd3 b4 19. Nc5 h6 20. Rhd1 Qe7 21. axb4 Bxb4 22. Rb3 Rb6 23. Na4 Rb7 24. e4 Rc7 25. Qb1 Nf4+ 26. Kf1 Nxd3 27. Qxd3 Rd7 28. Qb1 Rxd1+ 29. Qxd1 Rd8 30. Qb1 a5 31. g3 e5 32. Nb6 Be6 33. Rd3 Bh3+ 34. Ke2 Rb8 35. Nd5 Qe8 36. Qd1 Kh7 37. Ne3 Bc8 38. Nc4 Ba6 39. Nfxe5 f6 40. Rd6 Bxd6 41. Qxd6 Bxc4+ 42. Nxc4 Qxe4+ 0-1

[Event "Cambados op 24th"]
[Site "Cambados"]
[Date "2008.08.04"]
[Round "4"]
[White "Bouza Brey Teijeiro, Gonzalo"]
[Black "Torrado Quintela, Julio"]
[Result "0-1"]
[WhiteElo "1904"]
[BlackElo "2245"]
[PlyCount "60"]
[EventDate "2008.08.01"]
[EventType "swiss"]
[EventRounds "9"]
[EventCountry "ESP"]
[SourceTitle "CBM 125 Extra"]
[Source "ChessBase"]
[SourceDate "2008.09.01"]
[SourceVersion "1"]
[SourceVersionDate "2008.09.01"]
[SourceQuality "1"]

1. e4 g6 2. d4 Bg7 3. Bc4 c6 4. Nc3 d6 5. Nf3 Nf6 6. Bb3 0-0 7. h3 Nbd7 8. Bg5 h6 9. Be3 Qc7 10. Qd2 Kh7 11. g4 b5 12. a3 c5 13. g5 hxg5 14. Nxg5+ Kg8 15. f4 Bb7 16. Rg1 b4 17. axb4 cxb4 18. Nb5 Qb6 19. e5 Qxb5 20. exf6 Nxf6 21. 0-0-0 a5 22. Bxf7+ Rxf7 23. Nxf7 Kxf7 24. Rg5 Qa4 25. Qd3 Be4 26. Qc4+ d5 27. Qc7 Bf5 28. Rxf5 gxf5 29. Rg1 Qa1+ 30. Kd2 Qxb2 0-1

[Event "Mondariz op 5th"]
[Site "Mondariz"]
[Date "2007.08.27"]
[Round "3"]
[White "Torrado Quintela, Julio"]
[Black "Starostits, Ilmars"]
[Result "0-1"]
[WhiteElo "2261"]
[BlackElo "2497"]
[PlyCount "98"]
[EventDate "2007.08.25"]
[EventType "swiss"]
[EventRounds "9"]
[EventCountry "ESP"]
[SourceTitle "CBM 120 Extra"]
[Source "ChessBase"]
[SourceDate "2007.11.01"]
[SourceVersion "1"]
[SourceVersionDate "2007.11.01"]
[SourceQuality "1"]

1. d4 e6 2. Nf3 b6 3. Bf4 Bb7 4. e3 d6 5. Bd3 Nd7 6. Nbd2 Ne7 7. Qe2 Nd5 8. Bg5 Be7 9. Bxe7 Qxe7 10. a3 0-0 11. c4 N5f6 12. 0-0 e5 13. e4 Nh5 14. Rfe1 Rae8 15. Qe3 g6 16. Qh6 f6 17. Nh4 Nf4 18. Bc2 Ne6 19. d5 Nd4 20. Ba4 Rd8 21. Re3 Qg7 22. Qxg7+ Kxg7 23. Bxd7 Rxd7 24. Rf1 c6 25. dxc6 Bxc6 26. f4 b5 27. b3 bxc4 28. bxc4 Rb8 29. Nhf3 exf4 30. Rd3 Nxf3+ 31. gxf3 Kf7 32. Nb3 Ba4 33. Nd4 Rb2 34. Rf2 Rb1+ 35. Kg2 Rc1 36. Ne2 Rxc4 37. Nxf4 Bc6 38. Kg3 g5 39. Ng2 h5 40. Ne3 h4+ 41. Kg2 Rxe4 42. Nf5 Rg4+ 43. Kh1 Rf4 44. Nd4 Rc7 45. Kg1 Bb7 46. Nb5 Rc1+ 47. Kg2 Kg6 48. Nxd6 Ba6 49. Rb3 h3+ 0-1